Política criminal y derechos humanos

সংরক্ষণ করুন:
গ্রন্থ-পঞ্জীর বিবরন
প্রধান লেখক: García García-Cervigón, Josefina (Author), Rodríguez Núñez, Alicia (Author)
বিন্যাস: গ্রন্থ
ভাষা:স্প্যানিশ
প্রকাশিত: Madrid Centro de Estudios Ramón Areces S.A 2015
বিষয়গুলি:
ট্যাগগুলো: ট্যাগ যুক্ত করুন
কোনো ট্যাগ নেই, প্রথমজন হিসাবে ট্যাগ করুন!

MARC

LEADER 00000cam a2200000 a 4500
001 UCC9478
003 CL-VaPUC
008 191004e20150000sp |||||||||||||||||spa|d
020 |a 9788499612096 
082 0 4 |a 345.056  |b GAR  |2 21 
100 0 |a García García-Cervigón, Josefina  |e author  |9 604566 
700 0 |a Rodríguez Núñez, Alicia  |e author  |9 604567 
245 1 0 |a Política criminal y derechos humanos 
300 |a 239 p 
942 |c BK 
945 |d 20191004 13:59:00  |a cmena 
260 |a Madrid  |b Centro de Estudios Ramón Areces S.A  |c 2015 
650 7 |a DERECHO PENAL  |2 CL-VaPUC  |9 11 
650 0 |a Derechos humanos  |9 223025 
650 0 |a Delitos  |9 224143 
650 7 |a POLITICA CRIMINAL  |2 CL-VaPUC  |9 372625 
583 |a last modification  |c 20191004 13:59:00  |k Rodrigo Vera 
999 |c 375658  |d 375656 
952 |0 0  |1 0  |3 erb  |4 0  |6 345_056000000000000_GAR_2015  |7 0  |8 WP_COW  |9 561475  |a BIBDER  |b BIBDER  |e Fundación W and P Cowley  |i 5599830  |o 345.056 GAR 2015  |p 5599830  |r 2023-01-25  |w 2020-03-12  |y BK  |z Catalogado en:20191004  |k WPC